حقوق الانسان : (Record no. 12370)
[ view plain ]
| 000 -الفاتح | |
|---|---|
| حقل البيانات ثابتة الطول | 00842nam a22001937a 4500 |
| 008 - عناصر البيانات ثابتة الطول - معلومات عامة | |
| حقل البيانات ثابتة الطول | 090719t xxu||||| |||| 00| 0 ara d |
| 020 ## - الرقم الدولى المعيارى للكتب | |
| الرقم الدولى المعيارى للكتاب | 3789953821443 |
| 082 ## - رقم تصنيف ديوى العشرى | |
| رقم الطبعة | 22 |
| رقم التصنيف | 323 |
| رقم المادة | ح ق و |
| 245 00 - بيان العنوان | |
| العنوان | حقوق الانسان : |
| بقية العنوان | الرؤى العالمية والاسلامية والعربية |
| 250 ## - بيان الطبعة | |
| بيان الطبعة | ط 2. |
| 260 ## - PUBLICATION, DISTRIBUTION, ETC. (IMPRINT) | |
| مكان الناشر او الموزع | بيروت: |
| اسم الناشر او الموزع | ،مركز دراسات الوحدة العربية |
| تاريخ النشر أو التوزيع | 2007 |
| 300 ## - الوصف المادى | |
| التعداد | 400 ص |
| أبعاد الوعاء | 24 سم |
| 490 1# - بيان السلسلة | |
| عنوان السلسلة | سلسلة كتب المستقبل العربى |
| رقم المجلد/ التعيين التسلسلي | 41 |
| 500 ## - تبصرة عامة | |
| تبصرة عامة | يشتمل على كشافات |
| 650 ## - المدخل الاضافى بالموضوع-مصطلح موضوعى | |
| 9 (RLIN) | 8073 |
| مصطلح موضوعي أو اسم جغرافي كعنصر مدخل | حقوق الانسان |
| 700 ## - المدخل الاضافى - اسم شخصى | |
| 9 (RLIN) | 8072 |
| الإسم الشخصى | برهان ، غليون |
| 942 ## - عناصر المدخل الإضافي( كوها) | |
| مصدر التصنيف او مخطط الترفيف | Dewey Decimal Classification |
| Koha [default] item type | Book - Borrowing |
| حالة التراجع | حالة الفقد | مصدر التصنيف او خطة الترفيف | حالة تلف | ليس للاعارة | مجموعات كوها | المكان الدائم | المكان الحالي | موقع الترفيف | تاريخ الاكتساب | Source of acquisition | سعر الشراء الطبيعي | تعداد مسلسل / التسلسل الزمني | رقم الاستدعاء | الباركود | Date last seen | مُعار | نوع الوعاء |
|---|---|---|---|---|---|---|---|---|---|---|---|---|---|---|---|---|---|
| Dewey Decimal Classification | M. Arabic Studies | Central Library | Central Library | First floor | 19/07/2009 | Purchase | 72.00 | 7013 | 323 حقو | 000017534 | 15/07/2025 | 10/10/2013 | Book - Borrowing |